[Event "Mecklenburg VP-ch Seniors op 09th"]
[Site "Binz"]
[Date "2009.12.07"]
[Round "7.66"]
[White "Winkel, Eckart"]
[Black "Pieper, Helmut"]
[Result "1-0"]
[WhiteElo "1084"]
[BlackElo "1266"]
[PlyCount "51"]
[EventDate "2009.12.01"]
[EventType "swiss"]
[EventRounds "9"]
[EventCountry "GER"]
[SourceTitle "EXT 2022"]
[Source "ChessBase"]
[SourceDate "2021.10.06"]
[SourceVersion "1"]
[SourceVersionDate "2021.10.06"]
[SourceQuality "1"]

1. e4 e5 2. Nf3 Nc6 3. Bc4 Nf6 4. d3 h6 5. 0-0 Be7 6. Bd2 d6 7. Bb5 Bd7 8. Be3 Nb8 9. Bc4 b5 10. Bb3 c5 11. a3 Bc6 12. Nbd2 Nbd7 13. h3 a6 14. Nh4 d5 15. Nf5 Bf8 16. exd5 Bxd5 17. Re1 Bxb3 18. Nxb3 Nd5 19. Qg4 N7f6 20. Nxg7+ Bxg7 21. Qxg7 Rh7 22. Qg3 Nxe3 23. Qxe5+ Qe7 24. Qxe3 Qxe3 25. Rxe3+ Kf8 26. Nxc5 1-0

[Event "Mecklenburg VP-ch Seniors op 09th"]
[Site "Binz"]
[Date "2009.12.06"]
[Round "6.64"]
[White "Grueneschild, Hildegard"]
[Black "Winkel, Eckart"]
[Result "1-0"]
[WhiteElo "1305"]
[BlackElo "1084"]
[PlyCount "25"]
[EventDate "2009.12.01"]
[EventType "swiss"]
[EventRounds "9"]
[EventCountry "GER"]
[SourceTitle "EXT 2022"]
[Source "ChessBase"]
[SourceDate "2021.10.06"]
[SourceVersion "1"]
[SourceVersionDate "2021.10.06"]
[SourceQuality "1"]

1. c4 Nf6 2. Nc3 e6 3. e3 Bb4 4. Nge2 d5 5. cxd5 exd5 6. a3 Bxc3 7. dxc3 0-0 8. Nd4 Re8 9. Be2 Nbd7 10. 0-0 b6 11. Nc6 Ne4 12. Nxd8 Rxd8 13. Qxd5 1-0

[Event "Mecklenburg VP Seniors op 11th"]
[Site "Plau am See"]
[Date "2007.??.??"]
[Round "6"]
[White "Berger, Juergen"]
[Black "Winkel, Eckart"]
[Result "1-0"]
[WhiteElo "1346"]
[BlackElo "1053"]
[PlyCount "47"]
[EventDate "2007.03.19"]
[EventType "swiss"]
[EventRounds "7"]
[EventCountry "GER"]
[SourceTitle "EXT 2008"]
[Source "ChessBase"]
[SourceDate "2007.11.25"]
[SourceVersion "1"]
[SourceVersionDate "2007.11.25"]
[SourceQuality "1"]

1. e4 e6 2. Nf3 d5 3. Nc3 d4 4. Ne2 c5 5. d3 Nc6 6. a3 e5 7. Ng3 Bd6 8. Be2 Nge7 9. h3 0-0 10. Nh5 Qe8 11. Bh6 f6 12. Nxg7 Qg6 13. Qd2 Rf7 14. Nh4 Qxh6 15. Qxh6 Rxg7 16. Qxf6 Bc7 17. 0-0-0 Bd8 18. Qd6 b6 19. Nf5 Rg6 20. Nxe7+ Nxe7 21. Qxd8+ Kf7 22. Bh5 Nc6 23. Bxg6+ hxg6 24. Qd5+ 1-0

[Event "Mecklenburg VP Seniors op 11th"]
[Site "Plau am See"]
[Date "2007.??.??"]
[Round "7"]
[White "Ihde, Hans Werner"]
[Black "Winkel, Eckart"]
[Result "1/2-1/2"]
[WhiteElo "1316"]
[BlackElo "1053"]
[PlyCount "38"]
[EventDate "2007.03.19"]
[EventType "swiss"]
[EventRounds "7"]
[EventCountry "GER"]
[SourceTitle "EXT 2008"]
[Source "ChessBase"]
[SourceDate "2007.11.25"]
[SourceVersion "1"]
[SourceVersionDate "2007.11.25"]
[SourceQuality "1"]

1. e4 e5 2. Nf3 Nc6 3. Bb5 Nge7 4. c3 d6 5. d4 Bd7 6. 0-0 h6 7. Re1 Ng6 8. d5 Nb8 9. Qe2 Be7 10. Nbd2 0-0 11. Nf1 Bg4 12. h3 Bxf3 13. Qxf3 a6 14. Be2 Nd7 15. Ng3 Nh4 16. Qg4 Ng6 17. Nf5 Bg5 18. Qf3 Bxc1 19. Raxc1 Nf6 1/2-1/2

[Event "Mecklenburg VP Seniors op 09th"]
[Site "Plau am See"]
[Date "2005.03.15"]
[Round "2"]
[White "Burmeister, Walter"]
[Black "Winkel, Eckart"]
[Result "1-0"]
[WhiteElo "1507"]
[BlackElo "1063"]
[PlyCount "49"]
[EventDate "2005.03.14"]
[EventType "swiss"]
[EventRounds "7"]
[EventCountry "GER"]
[SourceTitle "EXT 2006"]
[Source "ChessBase"]
[SourceDate "2005.11.24"]
[SourceVersion "1"]
[SourceVersionDate "2005.11.24"]
[SourceQuality "1"]

1. e4 e5 2. Nf3 Nc6 3. Bb5 d6 4. d3 Nf6 5. c4 Be7 6. Nc3 Be6 7. 0-0 0-0 8. Ne2 Bg4 9. Bxc6 bxc6 10. Ng3 Rb8 11. h3 Be6 12. b3 h6 13. Qe2 Qd7 14. Nh2 Bxh3 15. gxh3 Qxh3 16. Bb2 g6 17. Qf3 d5 18. Bxe5 Qd7 19. Bxf6 Bd6 20. e5 Bc5 21. Qg4 Qe8 22. d4 Bb4 23. Nf3 c5 24. Qh4 Kh7 25. Ng5+ 1-0